000 00640nam a2200241 i 4500
001 C2-0312070
003 PPAK
005 20180728103907.0
008 110814s2008 my a|||| ||||| | zxx d
020 _a9789675114021
040 _aPPAK
_beng
_cPPAK
_erda
082 0 4 _a641.815
_223
090 0 0 _a641.815
_bFLO
_dR
100 1 _aFlorence, Tan,
_eauthor
245 1 0 _aBiscuit code
264 1 _aKuala Lumpur :
_bSeashore ,
_c2008
300 _a101 pages :
_bcolour illustrations ;
_c26 cm.
336 _2rdacontent
_atext
337 _2rdamedia
_aunmediated
338 _2rdacarrier
_avolume
650 1 0 _aBiscuits
942 _ddc
_cB
999 _c114211
_d114211